| 000 | 00645nam a2200193Ia 4500 | ||
|---|---|---|---|
| 008 | 140626s9999 xx 000 0 und d | ||
| 100 | _aPenaranda, Gerald. | ||
| 245 |
_aExploring the role of organizational power distance as a moderator of managerial influence tactics and subordinates' degree of commitment / _cGerald Penaranda. |
||
| 260 | _cc2011. | ||
| 300 | _a44 : 1, page 50 | ||
| 440 | _aPhilippine Journal of Psychology | ||
| 521 | _aPSYCH | ||
| 650 | _aConsultation. | ||
| 650 | _aDegree of commitment. | ||
| 650 | _aInfluence tactics. | ||
| 650 | _aIngratiation. | ||
| 650 | _aOrganizational power distance. | ||
| 942 | _cSE | ||
| 999 |
_c121368 _d121368 |
||